00258 a2200121 4500001000700000020000600007040001100013100002200024240003900046245003400085362000900119440000800128171297 a  cMagnum aBerutti, Flávio10aHistoria - atualidades - 2000lpor10aHistoria - atualidades - 20000 a1899 1aRHJ